000 00364 a2200157 4500
001 71778
020 _a
040 _cAnchieta - Colégio São Paulo
100 _aNicolelis, Giselda Laporta
240 1 0 _aA esperança de Pedro
_lpor
245 1 0 _aA esperança de Pedro
300 _a23
362 0 _a1989
650 4 _aLiteratura infanto-juvenil
942 _cBK
999 _c71778
_d71778